000 00918nam a22002417a 4500
999 _c410868
_d410868
001 123683
003 UA-OsUOA
005 20200117134652.0
007 ta
008 20170706b un ||||| |||| 00| 0 ukr d
040 _aUA-OsUOA
_bukr
_cUA-OsUOA
_dUA-OsUOA
041 _aukr
080 _a908
090 _a908
_bА92
100 _aАтаманюк Л. О.
245 _aПравославне духовенство на Волині напередодні Берестейської унії (60-ті – поч. 90-х рр. XVI ст.)
_cЛ. О. Атаманюк
300 _aС. 54–60
650 7 _a908 Краєзнавство
_2UDC
773 0 _0321332
_9340998
_dОстрог Острозька академія 1999
_o87606
_tНаукові записки
_w(UA-OsUOA) 34905
_z966-7631-00-1
942 _cBKA
_2udc
955 _a1